| 000 | 00358nam a22001457a 4500 | ||
|---|---|---|---|
| 020 | _qPB. | ||
| 040 | _cFIZZA ISHAQ | ||
| 082 |
_a004.6 _bWIL |
||
| 100 |
_aSTALLINGS, WILLIAM. _989195 |
||
| 245 |
_aDATA & COMPUTER CONRNUATE / _cWILLIAM STALLINGS. |
||
| 250 | _a10th ED. | ||
| 260 |
_aNEW DEHLI ; _bPEARSON, _c2018. |
||
| 300 | _a907 P. ; | ||
| 942 |
_2ddc _cBK |
||
| 999 |
_c588008 _d588008 |
||